[Event "IECG C3.2001.0.00175"]
[Site "IECG email"]
[Date "2001.02.04"]
[Round "?"]
[White "Pathmeswaran, Arunasalam"]
[Black "Martin, William T"]
[Result "0-1"]
[WhiteElo "1000"]
[BlackElo "1100"]
[PlyCount "50"]
[EventDate "2001.02.04"]
[EventType "tourn (corr)"]
[EventRounds "6"]
[SourceTitle "Corr 2008"]
[Source "ChessBase"]
[SourceDate "2008.06.24"]
[SourceVersion "1"]
[SourceVersionDate "2008.06.24"]
[SourceQuality "1"]

1. e4 e5 2. Nf3 Nc6 3. Bb5 a6 4. Ba4 Nf6 5. 0-0 Be7 6. c3 Nxe4 7. Re1 Nc5 8. Nxe5 Nxe5 9. Rxe5 Nxa4 10. Qxa4 0-0 11. d3 d5 12. Qb3 c6 13. Nd2 Bd6 14. Re1 Re8 15. Qd1 Rxe1+ 16. Qxe1 Bf5 17. d4 Qd7 18. Nf1 Re8 19. Be3 Qe7 20. Qd2 Qc7 21. Re1 h6 22. Ng3 Bg6 23. Nf1 Qd8 24. h3 Re6 25. Nh2 Qe7 0-1

[Event "IECG C3.2001.0.00175"]
[Site "IECG email"]
[Date "2001.02.04"]
[Round "?"]
[White "Pathmeswaran, Arunasalam"]
[Black "Prieto, Carlos"]
[Result "0-1"]
[WhiteElo "1000"]
[BlackElo "1044"]
[PlyCount "48"]
[EventDate "2001.02.04"]
[EventType "tourn (corr)"]
[EventRounds "6"]
[SourceTitle "Corr 2008"]
[Source "ChessBase"]
[SourceDate "2008.06.24"]
[SourceVersion "1"]
[SourceVersionDate "2008.06.24"]
[SourceQuality "1"]

1. e4 c5 2. Nf3 d6 3. d4 cxd4 4. Nxd4 Nf6 5. Nc3 g6 6. Bg5 Bg7 7. Be2 0-0 8. 0-0 Nc6 9. Rb1 Nxd4 10. Qxd4 h6 11. Bh4 g5 12. Bg3 Nh5 13. Qd3 Nxg3 14. Qxg3 Be6 15. Nd5 Rc8 16. c3 f5 17. exf5 Bxd5 18. Bd3 Qb6 19. Kh1 Bxa2 20. Rbe1 Qxb2 21. Rxe7 Rf7 22. Re2 Qa3 23. c4 Qa6 24. c5 Bc4 0-1